TNT TOEIC actual tests

Đã lưu trong:
Bibliografiske detaljer
Hovedforfatter: Lori
Format: Bog
Sprog:Undetermined
Udgivet: Thành phố Hồ Chí Minh Tổng hợp Thành phố Hồ Chí Minh 2009
Fag:
Tags: Tilføj Tag
Ingen Tags, Vær først til at tagge denne postø!
Thư viện lưu trữ: Trung tâm Học liệu Trường Đại học Cần Thơ
LEADER 00562nam a2200193Ia 4500
001 CTU_200103
008 210402s9999 xx 000 0 und d
082 |a 428.0076 
082 |b L872/CD 
100 |a Lori 
245 0 |a TNT TOEIC actual tests 
245 0 |c Lori 
260 |a Thành phố Hồ Chí Minh 
260 |b Tổng hợp Thành phố Hồ Chí Minh 
260 |c 2009 
650 |a English language,Tiếng Anh 
650 |x Examination,Kỳ thi 
904 |i Nguyên 
980 |a Trung tâm Học liệu Trường Đại học Cần Thơ